The price of energy and potential growth of developed countries (Registro nro. 27049)

Detalles MARC
000 -LEADER
fixed length control field 00416 a2200133 4500
001 - CONTROL NUMBER
control field ART_14815
005 - DATE AND TIME OF LATEST TRANSACTION
control field 20260410161913.0
008 - FIXED-LENGTH DATA ELEMENTS--GENERAL INFORMATION
fixed length control field 260409a
100 1# - MAIN ENTRY--PERSONAL NAME
Personal name Osterrieth, Marc
245 10 - TITLE STATEMENT
Title The price of energy and potential growth of developed countries
700 1# - ADDED ENTRY--PERSONAL NAME
Personal name Gunning, J. W.
700 1# - ADDED ENTRY--PERSONAL NAME
Personal name Waelbroeck, Jean
773 0# - HOST ITEM ENTRY
Title European economic review
Related parts - Vol. 7, Nº 1 (ene. 1976)
Record control number REV13346

No hay ítems disponibles.